Dějiny světového filmu : americká kinematografie po 2. světové válce /

Hlavní autor: Korda, Jakub
Korporativní autor: Univerzita Palackého. Středisko distančního vzdělávání
Jazyk: Čeština
Vydáno: Olomouc : Univerzita Palackého v Olomouci, 2006
Vydání: 1. vyd.
Edice: Studijní texty pro distanční studium
Témata:
Fyzický popis: 43 s. ; 29 cm
Knihy
Uloženo v:
LEADER 02217nam a2200565 a 4500
001 nkc20071723608
003 CZ PrNK
005 20091109162721.0
007 ta
008 080408s2006 xr e p 000 0 cze
015 |a cnb001723608 
020 |a 80-244-1482-1  |q (brož.) :  |c neprodejné 
035 |a (OCoLC)236550649 
040 |a ABA001  |b cze 
043 |a n-us--- 
045 |a x4y0 
072 7 |a 791  |x Film. Cirkus. Lidová zábava  |2 Konspekt  |9 3 
072 7 |a 37.016  |x Učební osnovy. Vyučovací předměty. Učebnice  |2 Konspekt  |9 22 
080 |a 791(091)  |2 MRF 
080 |a 791  |2 MRF 
080 |a 791.622  |2 MRF 
080 |a (73)  |2 MRF 
080 |a (075.8)  |2 MRF 
100 1 |a Korda, Jakub  |7 mzk2005312992  |4 aut 
245 1 0 |a Dějiny světového filmu :  |b americká kinematografie po 2. světové válce /  |c Jakub Korda 
246 3 0 |a Americká kinematografie po 2. světové válce 
250 |a 1. vyd. 
260 |a Olomouc :  |b Univerzita Palackého v Olomouci,  |c 2006 
300 |a 43 s. ;  |c 29 cm 
490 1 |a Studijní texty pro distanční studium 
500 |a Nad názvem: Středisko distančního vzdělávání 
500 |a Na obálce nad názvem: Univerzita Palackého v Olomouci, Filozofická fakulta 
504 |a Obsahuje bibliografii 
648 7 |a od 1945  |7 ch601408  |2 czenas 
650 0 7 |a dějiny filmu  |7 ph433024  |2 czenas 
650 0 7 |a film  |7 ph114534  |z Spojené státy americké  |y 1945-  |2 czenas 
650 0 7 |a kinematografie  |7 ph114909  |z Spojené státy americké  |y 1945-  |2 czenas 
650 0 9 |a history of film  |2 eczenas 
650 0 9 |a film  |z United States  |y 1945-  |2 eczenas 
650 0 9 |a cinematography  |z United States  |y 1945-  |2 eczenas 
650 0 9 |a history of cinematography  |z United States  |2 eczenas 
655 7 |a učebnice vysokých škol  |7 fd133772  |2 czenas 
655 9 |a textbooks (higher)  |2 eczenas 
710 2 |a Univerzita Palackého.  |b Středisko distančního vzdělávání  |7 kn20020321439 
810 2 |a Univerzita Palackého.  |t Studijní texty pro distanční studium  |0 s 
910 2 |a BOA001  |b 3-1202.151 
990 |a BK 
995 |a 01 
991 |b 200805  |c NOV 
996 6 |b 2610341402  |c 3-1202.151  |l MZK  |r Sklad / do 1 hodiny  |n 9  |p p.v.  |w 000890980  |u 000010  |a 1  |e BOA001  |j MZK50  |s P